000
00268nam a22000977a 4500
999
_c
11665
_d
11665
008
191125b ||||| |||| 00| 0 eng d
020
_a
9780545021340
100
_a
Stilton Geronimo
_9
7367
245
_a
Geronimo Stilton, Secret Agent
260
_a
Mumbai
_b
Repro Pvt Ltd
_c
2013